000 005930000a22001930004500
001 953
003 CO-MdFUSB
005 20240729151715.0
008 180503b xxu||||| |||| 00| 0 eng d
020 _a958-677-338-8
040 _cCO-MdBIC
082 0 4 _a405 Z14m
100 1 _aElorza M, Gustavo de
245 1 0 _aEl maletín de Santiago / Gustavo de Elorza Martínez, Editor
260 _aBogotá : Zamora
300 _a71 P.
505 0 0 _aTomo 1 : Silabario Tomo 2 : Lectura inicial Tomo 3 : Ejercicios Tomo 4 : Lectura comprensiva Tomo 5 : Manual para padres (cartilla)
942 _cLGB
999 _c48132
_d48132